| 000 | 01005cam a2200349 i 4500 | ||
|---|---|---|---|
| 001 | 30856 | ||
| 003 | OSt | ||
| 005 | 20160302110553.0 | ||
| 008 | 781115s1978 enk b 001 0 eng | ||
| 020 | _a0043700845 : | ||
| 020 | _a0043700853 (pbk). | ||
| 035 | _a(OCoLC)4227814 | ||
| 035 | _a(OCoLC)ocm04227814 | ||
| 035 | _a(NNC)4433996 | ||
| 040 |
_aDLC _cddc _dNNUT _dCStRLIN |
||
| 050 | 0 |
_aLB1555 _b.B75 |
|
| 082 | _a101/ BRE | ||
| 090 |
_aLB1555 _b.B75 |
||
| 100 | 1 | _aBrent, Allen. | |
| 245 | 1 | 0 |
_aPhilosophical foundations for the curriculum / _cAllen Brent. |
| 260 |
_aLondon ; _aBoston : _bAllen & Unwin, _c1978. |
||
| 300 |
_a233 p. ; _c23 cm. |
||
| 490 | 1 | _aUnwin education books | |
| 500 | _aIncludes index | ||
| 504 | _aIncludes bibliographical references and index. | ||
| 600 | 1 | 0 |
_aHirst, Paul Heywood. _tKnowledge and the curriculum. |
| 600 | 0 | 0 |
_aPlato. _tRepublic. |
| 650 | 0 | _aCurriculum planning. | |
| 830 | 0 | _aUnwin education books. | |
| 942 |
_2ddc _cCIRC |
||
| 999 |
_c5485 _d5485 |
||